000 00927nam a2200241Ia 4500
003 OSt
005 20220923224704.0
006 a|||||r|||| 00| 0
007 ta
008 220922b |||||||| |||| 00| 0 hin d
024 _a248,818
037 _cTextual
040 _aARTS
_cARTS
_bhin
041 _2hin
_ahin
082 _aO1520m35,3:g, L0
245 0 _aहिन्दी और तेलुगु के स्वातं×यपूर्ण एतिहासिक उपन्यासों का तुलनात्मक अध्ययन
246 _aHindī aur telugu ke swātan×yapūrṇa etihāsik upanyāsoan kā tulanātmak adhyayana
260 _aआगरा
_b प्रगति प्रकाशन
_c1970
300 _a357पृ.
_ccm.
650 _aहिन्दी साहित्य
_9156264
942 _hO1520m35,3:g, L0
_cTEXL
_2CC
999 _c372976
_d372976